000 02255nam0a22003251 4500
001 v19\rc\1541412
005 20250618201117.0
035 _a(NLR Aleph) 004689796
090 _a3919174
_c3919173
100 _a20060620e18891889|||y0rusy50 ca
101 0 _arus
102 _aRU
105 _ay z |||||
200 1 _aТретья рецензия на третье сочинение Ф.В. Фаррара "Первые дни христианства" по переводу с последнего англ. издания А.П. Лопухина, в издании книгопродавца И.Л. Тузова от 1888 года
_f[П.В.]
210 _aКострома
_cГуб. тип.
_d1889 (обл. 1890)
215 _a[2], 79 с.
_d24
300 _aАвт. раскрыт по аналогии с др. его произведениями
311 _aИз № 4, 6, 9, 11, 15, 18-20 1889 г. и № 1 и 3 1890 г. "Костром. епарх. вед."
470 0 _12001#$aПервые дни христианства$eПо переводу с последнего англ. издания А.П. Лопухина, в изд. книгопродавца И.Л. Тузова от 1888 года
_1700#1$aФаррар$bФ.-В.$f1831-1903$gФредерик-Вильям
_tПервые дни христианства
_aФаррар, Фредерик-Вильям (1831-1903)
488 0 _12001#$aКостромские епархиальные ведомости$v1889, № 4, 6, 9, 11, 15, 18-20; 1890, № 1, 3
_tКостромские епархиальные ведомости
532 1 0 _aТретья рецензия на третье сочинение Фредерика Вильяма Фаррара "Первые дни христианства" по переводу с последнего англ. издания А.П. Лопухина, в издании книгопродавца И.Л. Тузова от 1888 года
700 1 _9z01790
_aВиноградов
_bП.Т.
_gПетр Тихонович
790 0 _9z01700
_aП.В.
801 0 _aRU
_bNLR
_gpsbo
801 0 _aRU
_bRuMoRGB
_2psbo
801 1 _aRU
_bProSoft-M
_2rusmarc
852 _aNLR
_j18.275.1.66
899 _aRuMoRGB
_jA 176/173
942 _cBOOK
980 _aNB